Compresión de imágenes estáticas mediante la utilización de la transformada discreta wavelet

সংরক্ষণ করুন:
গ্রন্থ-পঞ্জীর বিবরন
প্রধান লেখক: Acuña Córdoba, Andrés Alonso
অন্যান্য লেখক: Zúñiga Pérez, Erick Francisco
বিন্যাস: গ্রন্থ
ভাষা:Undetermined
প্রকাশিত: San José, C.R. 2001
বিষয়গুলি:
ট্যাগগুলো: ট্যাগ যুক্ত করুন
কোনো ট্যাগ নেই, প্রথমজন হিসাবে ট্যাগ করুন!

MARC

LEADER 00000nam a2200000Ia 4500
003 008873
005 20221231144157.0
008 140114s2001 cr a m 000 ||und d
040 |c cru CEDI 
090 |a TFG 4434 
100 |a Acuña Córdoba, Andrés Alonso  |9 7526 
245 |a Compresión de imágenes estáticas mediante la utilización de la transformada discreta wavelet  
260 |c 2001  |a  San José, C.R. 
300 |a ix, 120 hojas : ilustraciones (algunas a color), fotografías  
500 |a  Proyecto de graduación (bachillerato en ingeniería eléctrica)--Universidad de Costa Rica. Facultad de Ingeniería. Escuela de Ingeniería Eléctrica 
650 |x COMPRESION DE IMAGENES   |x PROCESAMIENTO DIGITAL DE IMAGENES  |9 5692 
700 |9 7527  |a Zúñiga Pérez, Erick Francisco  
942 |c TFG 
999 |c 18007  |d 18007